A declaration of the Lords and Commons assembled in Parliament for the raising of all power and force, as well trained bands as others, in severall counties of this kingdome : to lead against all traitors and their adherents, and them to arrest and imprison ... all such as shal oppose any of His Majesties loving subjects that shall be imployed in this service by either or both Houses of Parliament : with a relation of some late passages in Somerset ...

Bibliographic Details
Corporate Author: England and Wales. Parliament
Format: Microform Book
Language:English
Series:Early English books, 1641-1700 ; 1440:81.
Subjects:

MARC

Tag First Indicator Second Indicator Subfields
LEADER 00000cam a2200000 a 4500
001 in00000891784
005 20150923140943.0
007 hd afv---baca
007 hz bfv---baaa
008 841005r19831642miu a 00010 eng d
035 |a (OCoLC)11232592 
035 |9 AEL4753AM 
037 |a CL0037000050  |b University Microfilms International 
037 |b University Microfilms International, 300 N. Zeeb Rd., Ann Arbor, Mich. 48106. 
040 |a EAE  |c EAE  |d UMI  |d m/c  |d UtOrBLW 
043 |a e-uk--- 
045 2 |b d1642  |b d1649 
049 |a TXAI 
090 |a DA410  |b .E53 1642 
099 |a film   |a  B   |a  3609 
110 1 |a England and Wales.  |b Parliament. 
245 1 2 |a A declaration of the Lords and Commons assembled in Parliament for the raising of all power and force, as well trained bands as others, in severall counties of this kingdome :  |b to lead against all traitors and their adherents, and them to arrest and imprison ... all such as shal oppose any of His Majesties loving subjects that shall be imployed in this service by either or both Houses of Parliament : with a relation of some late passages in Somerset ... 
264 3 |a London :  |b Printed for John Wright,  |c Aug. 10, 1642. 
300 |a 2 unnumbered pages, 6 pages 
336 |a text  |b txt  |2 rdacontent 
337 |a microform  |b h  |2 rdamedia 
338 |a microfilm reel  |b hd  |2 rdacarrier 
500 |a "Ordered that this declaration be forthwith printed. Hen. Elsyng, Cler. Parl. D. Com." 
500 |a Reproduction of the original in the Harvard University Library. 
510 4 |a Wing  |c E1426. 
533 |a Microfilm.  |b Ann Arbor, Mich. :  |c University Microfilms International,  |d 1983.  |e 1 microfilm reel ; 35 mm.  |f (Early English books, 1641-1700 : 1440:81) 
500 |a Microform. 
651 0 |a Great Britain  |x History  |y Civil War, 1642-1649. 
651 0 |a Great Britain  |x Politics and government  |y 1642-1649. 
830 0 |a Early English books, 1641-1700 ;  |v 1440:81. 
999 |a MARS 
999 f f |s fe051c4f-7621-36d1-a88f-06fd7eab79a7  |i 9795e8a7-3a8e-3034-88b2-1a0613a68566  |t 0 
952 f f |p default  |a Texas A&M University  |b College Station  |c Sterling C. Evans Library  |d Evans: Microforms (3rd floor)  |t 0  |e film B 3609 1440:81  |h Other scheme  |i microform -- microfilm reel 
998 f f |a film B 3609 1440:81  |t 0  |l Evans: Microforms (3rd floor)